| 000 | 00401nam a22001457a 4500 | ||
|---|---|---|---|
| 005 | 20200610132427.0 | ||
| 008 | 200610b xxu||||| |||| 00| 0 eng d | ||
| 082 | _a345.4 AIR | ||
| 110 |
_aALL INDIA REPORTER _95922 |
||
| 245 | _aALL INDIA REPORTER, [1973] [VOL-60] PUNJAB - HARYANA SECTION | ||
| 260 |
_aBOMBAY _bALL INDIA REPORTER, PVT LTD. |
||
| 300 | _a352;p | ||
| 650 |
_aLAW _95701 |
||
| 942 | _cJRL | ||
| 999 |
_c6984 _d6982 |
||